| 000 | 00605nam a2200205Ii 4500 | ||
|---|---|---|---|
| 001 | 10077 | ||
| 003 | CO-ViMGA | ||
| 008 | 241108s9999||||xx |||||||||||||| ||und|| | ||
| 040 |
_aCO-ViMGA _bspa _erda _cCO-ViMGA |
||
| 041 | 0 | _aunk | |
| 082 | 0 | 4 | _aC863-O81h |
| 100 | 1 |
_aJ.A. Osorio Lizarazo _955171 |
|
| 245 | 1 | 0 | _a<El> hombre bajo la tierra |
| 264 | 1 | _a[Lugar de publicación no identificado] : Spora Lalpe, 1950 | |
| 300 | _avolumen | ||
| 336 |
_atext _btxt _2rdacontent |
||
| 337 |
_aunmediated _bn _2rdamedia |
||
| 338 |
_avolume _bnc _2rdacarrier |
||
| 940 | _aidficha_siabuc: 9851. -- ficha_no_siabuc:10077 | ||
| 999 |
_c52598 _d52598 |
||